000 00406nam a2200157Ia 4500
008 210716s1998 xx 000 0 und d
020 _a8176351415
041 _aeng
082 _a621.399 KAKP
100 _aKakert, Paul; Kalwick, David J.
245 _aSams teach yourself 3d studio max 2 in 14days.
250 _a1
260 _aNew Delhi
_bTechmedia
_c1998
300 _axiv,464,28
650 _aNone
999 _c183373
_d183373